000 00450nam a22001817a 4500
003 NUST-PNEC
005 20170116180705.0
008 140918b xxu||||| |||| 00| 0 eng d
040 _cPNEC
082 _a338.5 VIR
100 _9313
_aVIR
245 _aMicro economics ECO-402 (Lecture Notes)
260 _aLahore
_bVirtual University of Pakistan
_c2012
300 _a178 p.:
_c26 cm.
500 _aLecture Notes
650 _xMIS
942 _2ddc
_cBK
999 _c60683
_d60683